|
|
|
|
| LEADER |
00000nas a2200000 a 4500 |
| 001 |
ssj0009120 |
| 003 |
WaSeSS |
| 005 |
20200512172242.0 |
| 006 |
m d |
| 007 |
cr n |
| 008 |
990729c19699999ne bx p s 0 a0eng c |
| 010 |
|
|
|a 2004233068
|
| 016 |
7 |
|
|a 2018578-9
|2 DE-600
|
| 022 |
|
|
|a 1573-0875
|l 0169-6149
|y 0169-6149
|
| 035 |
|
|
|a (WaSeSS)ssj0009120
|
| 040 |
|
|
|a F#A
|b eng
|e pn
|c F#A
|d OCLCQ
|d GUA
|d OCLCQ
|d OCLCS
|d ZYU
|d U9S
|d OCLCQ
|d OCLCO
|d OCLCQ
|d CLU
|d OCLCF
|d OCL
|d OCLCO
|d OCLCQ
|d EZC
|d AU@
|d OCLCO
|d OCLCA
|d VT2
|d U3W
|d OCLCO
|d DLC
|d NJT
|d OCLCA
|d WaSeSS
|
| 042 |
|
|
|a pcc
|
| 050 |
0 |
0 |
|a QH325
|
| 130 |
0 |
|
|a Origins of life and evolution of the biosphere (Online)
|
| 210 |
0 |
|
|a Orig. life evol. biosph.
|b (Dordr., Online)
|
| 222 |
|
0 |
|a Origins of life and evolution of the biosphere
|b (Dordrecht. Online)
|
| 245 |
1 |
0 |
|a Origins of life and evolution of the biosphere
|h [electronic resource].
|
| 246 |
1 |
|
|i Journal contents page has title:
|a Origins of life and evolution of biospheres
|
| 260 |
|
|
|3 Dordrecht :
|b Kluwer Academic Publishers,
|c 1968-
|
| 260 |
3 |
|
|3 <2005-> :
|a Springer Link
|
| 310 |
|
|
|a Six no. a year,
|b 1989-
|
| 321 |
|
|
|a Quarterly,
|b 1988
|
| 321 |
|
|
|a Irregular,
|b 1984-1987
|
| 362 |
1 |
|
|a Began with Vol. 1, issue 1, (Mar. 1968).
|
| 506 |
|
|
|a License restrictions may limit access.
|
| 515 |
|
|
|a Some nos. issued in combined form.
|
| 550 |
|
|
|a "The journal of the International Society for the Study of the Origin of Life."
|
| 550 |
|
|
|a Journal of: International Society for the Study of the Origin of Life and International Astrobiology Society, <2010->
|
| 588 |
|
|
|a Description based on: Vol. 1, issue 1, (Mar. 1968); title from contents screen (publisher's Web site, viewed Jan. 29, 2004).
|
| 588 |
|
|
|a Latest issue consulted: Volume 48, issue 4 (Dec. 2018) (SpringerLink, viewed Apr. 30, 2019).
|
| 650 |
|
0 |
|a Life
|x Origin
|v Periodicals.
|
| 650 |
|
0 |
|a Evolution
|v Periodicals.
|
| 650 |
|
0 |
|a Molecular biology
|v Periodicals.
|
| 650 |
|
0 |
|a Biosphere
|v Periodicals.
|
| 650 |
|
6 |
|a Vie
|x Origines
|x Périodiques.
|
| 650 |
|
6 |
|a Évolution
|x Périodiques.
|
| 650 |
|
6 |
|a Biologie moléculaire
|x Périodiques.
|
| 650 |
|
6 |
|a Biosphère
|x Périodiques.
|
| 650 |
|
7 |
|a Biosphere.
|2 fast
|0 (OCoLC)fst00832706
|
| 650 |
|
7 |
|a Evolution.
|2 fast
|0 (OCoLC)fst00917265
|
| 650 |
|
7 |
|a Life
|x Origin.
|2 fast
|0 (OCoLC)fst00998169
|
| 650 |
|
7 |
|a Molecular biology.
|2 fast
|0 (OCoLC)fst01024734
|
| 650 |
|
2 |
|a Biological Evolution.
|
| 650 |
|
2 |
|a Organelle Biogenesis.
|
| 650 |
|
2 |
|a Origin of Life.
|
| 655 |
|
0 |
|a Electronic journals.
|
| 710 |
2 |
|
|a International Society for the Study of the Origin of Life.
|
| 710 |
2 |
|
|a ISSOL -- The International Astrobiology Society.
|
| 776 |
0 |
8 |
|i Print version:
|t Origins of life and evolution of the biosphere
|x 0169-6149
|w (DLC) 86642925
|w (OCoLC)11807392
|
| 850 |
|
|
|a DLC
|
| 856 |
4 |
0 |
|z Full text available from Research Library: 06/01/1997 to 1 year ago
|u https://search.proquest.com/publication/54154
|